<?xml version="1.0" encoding="UTF-8"?><?xml-stylesheet type="text/xsl" href="static/style.xsl"?><OAI-PMH xmlns="http://www.openarchives.org/OAI/2.0/" xmlns:xsi="http://www.w3.org/2001/XMLSchema-instance" xsi:schemaLocation="http://www.openarchives.org/OAI/2.0/ http://www.openarchives.org/OAI/2.0/OAI-PMH.xsd"><responseDate>2026-04-17T04:12:02Z</responseDate><request verb="GetRecord" identifier="oai:www.recercat.cat:2117/443979" metadataPrefix="marc">https://recercat.cat/oai/request</request><GetRecord><record><header><identifier>oai:recercat.cat:2117/443979</identifier><datestamp>2025-10-29T22:27:59Z</datestamp><setSpec>com_2072_1033</setSpec><setSpec>col_2072_452951</setSpec></header><metadata><record xmlns="http://www.loc.gov/MARC21/slim" xmlns:dcterms="http://purl.org/dc/terms/" xmlns:xsi="http://www.w3.org/2001/XMLSchema-instance" xmlns:doc="http://www.lyncode.com/xoai" xsi:schemaLocation="http://www.loc.gov/MARC21/slim http://www.loc.gov/standards/marcxml/schema/MARC21slim.xsd">
   <leader>00925njm 22002777a 4500</leader>
   <datafield ind2=" " ind1=" " tag="042">
      <subfield code="a">dc</subfield>
   </datafield>
   <datafield ind2=" " ind1=" " tag="720">
      <subfield code="a">Armada Ruiz, Álvaro</subfield>
      <subfield code="e">author</subfield>
   </datafield>
   <datafield ind2=" " ind1=" " tag="260">
      <subfield code="c">2024-05-14</subfield>
   </datafield>
   <datafield ind2=" " ind1=" " tag="520">
      <subfield code="a">Time series forecasting poses several inherent challenges. Typically, the targets of interest are non-stationary random variables characterized by both short-term and long-term autocorrelations. Controlling for the variation of data distributions over time is a must, as so it is the exploitation of the different levels of data dependency. This thesis tackles these challenges by integrating methodologies from three seminal papers-Self-Adaptive Forecasting (SAF), adaRNN, and transformers-into a unified model, the AdaTransformer. By leveraging the adaptive capabilities of adaRNN and SAF and incorporating transformer architecture, the AdaTransformer captures complex temporal dependencies with improved accuracy. Additionally, the AdaTransformer introduces an enhanced Temporal Dependency Characterization (TDC) segmentation algorithm, building upon prior work to improve segmentation quality. Through comprehensive evaluation across diverse datasets encompassing air quality indices, electric power consumption, and financial markets represented by EUR/USD and TSLA datasets, our results highlight the AdaTransformer's consistent outperformance of the adaRNN model alone, as evidenced by lower Root Mean Squared Error (RMSE) and Mean Absolute Error (MAE). This research underscores the effectiveness of integrating transformer based models with adaptive techniques, offering a robust solution for accurate and reliable time series forecasting.</subfield>
   </datafield>
   <datafield ind1="8" ind2=" " tag="024">
      <subfield code="a">http://hdl.handle.net/2117/443979</subfield>
   </datafield>
   <datafield tag="653" ind2=" " ind1=" ">
      <subfield code="a">Àrees temàtiques de la UPC::Informàtica::Intel·ligència artificial</subfield>
   </datafield>
   <datafield tag="653" ind2=" " ind1=" ">
      <subfield code="a">Technological forecasting</subfield>
   </datafield>
   <datafield tag="653" ind2=" " ind1=" ">
      <subfield code="a">Neural networks (Computer science)</subfield>
   </datafield>
   <datafield tag="653" ind2=" " ind1=" ">
      <subfield code="a">Time series</subfield>
   </datafield>
   <datafield tag="653" ind2=" " ind1=" ">
      <subfield code="a">Multi-task learning</subfield>
   </datafield>
   <datafield tag="653" ind2=" " ind1=" ">
      <subfield code="a">Transfer learning</subfield>
   </datafield>
   <datafield tag="653" ind2=" " ind1=" ">
      <subfield code="a">Transformers</subfield>
   </datafield>
   <datafield tag="653" ind2=" " ind1=" ">
      <subfield code="a">Data distribution</subfield>
   </datafield>
   <datafield tag="653" ind2=" " ind1=" ">
      <subfield code="a">Adarnn</subfield>
   </datafield>
   <datafield tag="653" ind2=" " ind1=" ">
      <subfield code="a">Segmentation</subfield>
   </datafield>
   <datafield tag="653" ind2=" " ind1=" ">
      <subfield code="a">Saf</subfield>
   </datafield>
   <datafield tag="653" ind2=" " ind1=" ">
      <subfield code="a">Previsió tecnològica</subfield>
   </datafield>
   <datafield tag="653" ind2=" " ind1=" ">
      <subfield code="a">Xarxes neuronals (Informàtica)</subfield>
   </datafield>
   <datafield ind2="0" ind1="0" tag="245">
      <subfield code="a">Exploration of self-adaptive learning and forecasting for time series</subfield>
   </datafield>
</record></metadata></record></GetRecord></OAI-PMH>